| Tag |
First Indicator |
Second Indicator |
Subfields |
| LEADER |
00000pam a2200000 a 4500 |
| 001 |
in00000073085 |
| 005 |
20151008060034.0 |
| 008 |
810922s1982 inub b s00110 eng |
| 010 |
|
|
|a 81047015
|
| 020 |
|
|
|a 0253386586
|
| 035 |
|
|
|a (OCoLC)07836024
|
| 035 |
|
|
|9 AAJ5024AM
|
| 039 |
0 |
|
|a 2
|b 3
|c 3
|d 3
|e 3
|
| 040 |
|
|
|a DLC
|c DLC
|d TXA
|d UtOrBLW
|
| 043 |
|
|
|a i-mf---
|
| 049 |
|
|
|a TXAM
|c [952086]
|
| 050 |
0 |
0 |
|a DT469.M47
|b S55
|
| 082 |
0 |
|
|a 969/.82
|2 19
|
| 100 |
1 |
|
|a Simmons, Adele.
|
| 245 |
1 |
0 |
|a Modern Mauritius :
|b the politics of decolonization /
|c Adele Smith Simmons.
|
| 264 |
|
1 |
|a Bloomington :
|b Indiana University Press,
|c [1982]
|
| 264 |
|
4 |
|c ©1982
|
| 300 |
|
|
|a xii, 242 pages :
|b maps ;
|c 24 cm.
|
| 336 |
|
|
|a text
|b txt
|2 rdacontent
|
| 337 |
|
|
|a unmediated
|b n
|2 rdamedia
|
| 338 |
|
|
|a volume
|b nc
|2 rdacarrier
|
| 500 |
|
|
|a Includes index.
|
| 504 |
|
|
|a Bibliography: pages [226]-235.
|
| 650 |
|
0 |
|a Decolonization
|z Mauritius.
|
| 651 |
|
0 |
|a Mauritius
|x Politics and government
|y To 1968.
|
| 651 |
|
0 |
|a Mauritius
|x Politics and government
|y 1968-1992.
|
| 651 |
|
0 |
|a Mauritius
|x Ethnic relations.
|
| 999 |
|
|
|a MARS
|
| 999 |
f |
f |
|s de8538a1-eb8f-30f8-981a-160f917373e1
|i 87e73fc3-d3f0-3113-8067-62912468fb0d
|t 0
|
| 952 |
f |
f |
|p ric
|a Texas A&M University
|b Rellis Campus
|c Joint Library Facility
|d Remote Storage
|t 0
|e DT469.M47 S55
|h Library of Congress classification
|i unmediated -- volume
|m A14806103324
|
| 998 |
f |
f |
|a DT469.M47 S55
|t 0
|l Remote Storage
|